[Event "AUTO-ADV-3054"]
[Site "http://www.queenalice.com/game.php?id=1248681"]
[Date "2014.1.16"]
[Round "1"]
[White "PedroNRF"]
[Black "gingalmesh"]
[Result "0-1"]
[WhiteElo "1872"]
[BlackElo "1814"]

1. e4 e5 2. Nf3 d6 3. Bc4 Be7 4. d4 Nf6 5. Ng5 O-O 6. dxe5 dxe5 7. O-O Qxd1 8.
Rxd1 Nc6 9. c3 h6 10. Nf3 Bg4 11. Re1 Bxf3 12. gxf3 Na5 13. Nd2 c6 14. b4 Nxc4
15. Nxc4 Nd7 16. Kh1 b5 17. Na5 Rac8 18. Rg1 Rc7 19. Bxh6 Bf6 20. Rg4 Kh7 21.
Be3 Nb6 22. Bxb6 axb6 23. Nb3 g5 24. Rag1 Kh6 25. R1g3 Rh8 26. Nd2 Ra7 27. Rh3+
Kg6 28. Kg2 Rxh3 29. Kxh3 Rxa2 30. Nb1 Rxf2 31. Rg3 c5 32. Na3 cxb4 33. cxb4 Be7
34. Nxb5 Rb2 35. Nc3 Bxb4 36. Nd5 Bc5 37. f4 f6 38. f5+ Kf7 39. Nc7 b5 40. Ne6
Bf2 41. Rg2 b4 42. Nd8+ Ke7 43. Nc6+ Kd6 44. Na5 Kc5 45. Kg4 Bd4 46. Nb7+ Kc4
47. Nd6+ Kd3 48. Rg3+ Ke2 49. Ne8 Rb1 50. Nxf6 b3 51. Nd5 b2 52. Nb4 Rg1 53. f6
b1=Q 0-1

[Event "AUTO-ADV-3054"]
[Site "http://www.queenalice.com/game.php?id=1248682"]
[Date "2014.1.16"]
[Round "1"]
[White "gingalmesh"]
[Black "PedroNRF"]
[Result "0-1"]
[WhiteElo "1833"]
[BlackElo "1870"]

1. e4 e5 2. Nf3 Bd6 3. Bc4 Nc6 4. c3 Na5 5. Bb3 h6 6. O-O Qf6 7. d3 b6 8. a3 Ba6
9. Bc2 O-O-O 10. b4 Nc6 11. a4 Nce7 12. Be3 Ng6 13. g3 Qe6 14. Na3 Nf6 15. Kg2
Qg4 16. b5 Bb7 17. h3 Qe6 18. Kh2 Qe7 19. Nc4 Nh5 20. Nfxe5 Bxe5 21. d4 Bxg3+
22. fxg3 d5 23. Nxb6+ axb6 24. Qxh5 dxe4 25. Qf5+ Rd7 26. Bb3 Rf8 27. Be6 fxe6
28. Qxg6 Qd6 29. a5 Rxf1 30. Rxf1 Kb8 31. a6 Bd5 32. Bf4 Qe7 33. Ra1 Ka7 34. Ra4
c6 35. bxc6 Bxc6 36. Ra1 Bb5 37. Qxe4 g5 38. Be3 Qf6 39. Kg2 Rf7 40. Rc1 Bf1+
41. Kh2 Qf3 42. Qxf3 Rxf3 43. Re1 Kxa6 44. Bd2 Bc4 45. h4 Rf2+ 46. Kh3 Rxd2 47.
hxg5 hxg5 48. Re3 Rf2 49. Kg4 Rf5 50. Re5 Rf1 51. Rxg5 Rc1 52. Kf4 Rxc3 53. Ke5
b5 54. g4 b4 55. Rg8 b3 56. g5 b2 57. g6 b1=Q 58. Ra8+ Kb7 59. g7 Qf5+ 0-1

[Event "Challenge"]
[Site "http://www.queenalice.com/game.php?id=1259039"]
[Date "2014.2.23"]
[Round "-"]
[White "filomenos"]
[Black "PedroNRF"]
[Result "0-1"]
[WhiteElo "1978"]
[BlackElo "1851"]

1. d4 Nf6 2. g3 h6 3. Bg2 d5 4. Nf3 e6 5. Bf4 Ne4 6. Nbd2 Nxd2 7. Qxd2 Bd6 8.
Bxd6 cxd6 9. O-O Nc6 10. c3 Ne7 11. Qc2 Ng6 12. Nd2 a6 13. e4 Qg5 14. exd5 O-O
15. dxe6 fxe6 16. Nf3 Qh5 17. Rfe1 Bd7 18. Re3 Rf6 19. Rae1 Raf8 20. R1e2 Qg4
21. Nd2 Qg5 22. Bxb7 d5 23. Bxa6 Nf4 24. Re5 Nxe2+ 25. Rxe2 Qf5 26. Bd3 Qh3 27.
Nf1 Qg4 28. Ne3 Qf3 29. Nd1 e5 30. Re3 Qh5 31. dxe5 Rf3 32. Be2 Qf5 33. Bxf3
Qxc2 0-1

[Event "Challenge"]
[Site "http://www.queenalice.com/game.php?id=1263383"]
[Date "2014.3.8"]
[Round "-"]
[White "PedroNRF"]
[Black "jorm"]
[Result "1-0"]
[WhiteElo "1854"]
[BlackElo "1861"]

1. e4 e5 2. f4 exf4 3. Bc4 g6 4. Qf3 Bd6 5. d4 g5 6. e5 Bb4+ 7. Bd2 Bxd2+ 8.
Nxd2 Ne7 9. Qh5 Ng6 10. O-O-O Qe7 11. Ngf3 f6 12. Rde1 Kd8 13. exf6 Qxf6 14.
Qxg5 Qxg5 15. Nxg5 Rf8 16. Nf7+ Rxf7 17. Bxf7 Ne7 18. Re4 d6 19. Rhe1 Nbc6 20.
c4 Bf5 21. Rxf4 Kd7 22. g4 Bg6 23. Bxg6 hxg6 24. a3 Re8 25. Rf7 Nxd4 26. Ne4 Ke6
27. Ng5+ 1-0

[Event "AUTO-OPEN-3151"]
[Site "http://www.queenalice.com/game.php?id=1276515"]
[Date "2014.4.26"]
[Round "2"]
[White "jnable"]
[Black "PedroNRF"]
[Result "0-1"]
[WhiteElo "1985"]
[BlackElo "1863"]

1. e4 e5 2. Nf3 Nc6 3. Bc4 Bc5 4. c3 Nf6 5. O-O Nxe4 6. d4 exd4 7. cxd4 Bd6 8.
Re1 f5 9. Ng5 Qf6 10. f3 Qxd4+ 11. Qxd4 Nxd4 12. fxe4 Nc2 13. Re2 Nxa1 14. exf5+
Be7 15. b3 Nc2 16. Rxc2 Kf8 17. Bb2 Bxg5 18. Nd2 c6 19. Nf3 Bf6 20. Bxf6 gxf6
21. Nd4 d5 22. Be2 Ke7 23. Bg4 Bd7 24. Ne6 h5 25. Bf3 Bxe6 26. Re2 Kf7 27. fxe6+
Ke7 28. g4 hxg4 29. Bxg4 Rag8 30. Rg2 Rg5 31. h3 Rhg8 32. Re2 f5 0-1

[Event "AUTO-OPEN-3151"]
[Site "http://www.queenalice.com/game.php?id=1276516"]
[Date "2014.4.26"]
[Round "2"]
[White "PedroNRF"]
[Black "jnable"]
[Result "0-1"]
[WhiteElo "1880"]
[BlackElo "1925"]

1. e4 c5 2. Nf3 Nc6 3. d4 cxd4 4. Bb5 a6 5. Bxc6 dxc6 6. Qxd4 Qxd4 7. Nxd4 e5 8.
Nf3 f6 9. Be3 Bb4+ 10. c3 Ba5 11. Bc5 Nh6 12. b4 Bc7 13. O-O Nf7 14. c4 Bd6 15.
Rd1 Bxc5 16. bxc5 O-O 17. h3 Be6 18. Na3 Rfd8 19. Rd2 Kf8 20. g4 Rxd2 21. Nxd2
Ng5 22. Kg2 Rd8 23. Nab1 Rd4 24. h4 Nxe4 25. Nxe4 Rxe4 26. f3 Rxc4 27. Nd2 Rxc5
28. Kg3 Bd5 29. Nf1 Rc3 30. Nh2 e4 31. Rf1 exf3 32. h5 Bxa2 33. Rxf3 Rxf3+ 34.
Nxf3 b5 35. Kf4 c5 36. Ke3 b4 37. Kd3 c4+ 38. Kc2 a5 39. Nd4 Bb3+ 0-1

[Event "AUTO-OPEN-3262"]
[Site "http://www.queenalice.com/game.php?id=1285068"]
[Date "2014.5.30"]
[Round "1"]
[White "PedroNRF"]
[Black "rvdornel"]
[Result "0-1"]
[WhiteElo "1882"]
[BlackElo "2069"]

1. e4 e5 2. f4 exf4 3. Bc4 Qh4+ 4. Kf1 Bc5 5. d4 Be7 6. Qf3 g5 7. g3 Qh6 8. e5
Nc6 9. Ne2 d6 10. h3 dxe5 11. Bb5 exd4 12. Bxc6+ Qxc6 13. Qxc6+ bxc6 14. gxf4
gxf4 15. Bxf4 Bf6 16. Bxc7 d3 17. Nec3 dxc2 18. Na3 Bf5 19. Ke2 Kd7 20. Bf4 Ne7
21. Rac1 Rhg8 22. Kf3 Nd5 23. Nxd5 Bxb2 24. Rxc2 Bxc2 25. Nxc2 cxd5 26. Rb1 Bc3
27. Rb7+ Ke6 28. Rc7 Be5 29. Rc6+ Kd7 30. Ra6 Bxf4 31. Kxf4 Rg6 32. Ra5 Rd6 33.
Nd4 Ke8 34. h4 Kf8 35. Nf5 Rd7 36. h5 d4 37. Re5 d3 38. Ne3 d2 39. Nd1 Re8 40.
Re3 Rxe3 41. Kxe3 Kg7 42. Kf4 Kh6 0-1

[Event "AUTO-OPEN-3262"]
[Site "http://www.queenalice.com/game.php?id=1285069"]
[Date "2014.5.30"]
[Round "1"]
[White "rvdornel"]
[Black "PedroNRF"]
[Result "1-0"]
[WhiteElo "2095"]
[BlackElo "1885"]

1. e4 e5 2. Nf3 Nc6 3. Bb5 Bc5 4. O-O Qf6 5. d3 Nd4 6. Nxd4 Bxd4 7. c3 Bc5 8.
Qe2 a5 9. Be3 Bxe3 10. Qxe3 Ne7 11. Nd2 c6 12. Ba4 O-O 13. Qf3 Qe6 14. Bb3 Qg6
15. Nc4 d6 16. a4 Bg4 17. Qe3 f5 18. Nxe5+ 1-0

[Event "AUTO-OPEN-3262"]
[Site "http://www.queenalice.com/game.php?id=1285070"]
[Date "2014.5.30"]
[Round "1"]
[White "PedroNRF"]
[Black "chessman"]
[Result "1-0"]
[WhiteElo "1890"]
[BlackElo "1990"]

1. e4 e6 2. d4 d5 3. Nc3 Nf6 4. Bg5 Be7 5. Bxf6 Bxf6 6. e5 Be7 7. Qg4 O-O 8. Bd3
h6 9. h4 c5 10. Nf3 Nc6 11. dxc5 Bxc5 12. Ng5 Nxe5 13. Qh5 Nxd3+ 14. cxd3 Qf6
15. Nf3 b5 16. Qe5 Qxe5+ 17. Nxe5 a6 18. Nf3 Bb7 19. Ne5 Bd4 20. f4 Bxc3+ 21.
bxc3 d4 22. O-O dxc3 23. Rac1 b4 24. f5 exf5 25. Rxf5 Bc8 26. Rf4 Be6 27. Rxb4
Bxa2 28. Rxc3 Be6 29. d4 Rfd8 30. Kf2 Rd5 31. Rc5 a5 32. Ra4 Kf8 33. Rxd5 Bxd5
34. Nd7+ Ke7 35. Nb6 Rd8 36. Rxa5 Bc6 37. Ra7+ Kf8 38. Rc7 Bd5 39. g3 Ke8 40.
Ke3 g5 41. Rc5 Be6 42. hxg5 h5 43. Ke4 Kf8 44. d5 Bg4 45. Rc6 Re8+ 46. Kf4 Rd8
47. d6 Kg7 48. Nd5 Bd7 49. Rb6 Be6 50. Nf6 Kg6 51. d7 Ra8 52. Ne4 Rd8 53. Nf6
Kg7 54. Nxh5+ Kg6 55. Nf6 Kg7 56. Rd6 Kf8 57. Ke5 Ke7 58. g6 1-0

[Event "AUTO-OPEN-3262"]
[Site "http://www.queenalice.com/game.php?id=1285071"]
[Date "2014.5.30"]
[Round "1"]
[White "chessman"]
[Black "PedroNRF"]
[Result "1-0"]
[WhiteElo "2003"]
[BlackElo "1877"]

1. e4 e5 2. Nf3 Nc6 3. Bc4 Na5 4. Bxf7+ Kxf7 5. Nxe5+ Ke8 6. Qh5+ g6 7. Nxg6 Nf6
8. Qe5+ Kf7 9. Nxh8+ Kg8 10. Qxa5 Kxh8 11. d3 Bg7 12. Nc3 b6 13. Qg5 c6 14. O-O
d6 15. f4 Qe8 16. Qg3 Qg8 17. e5 Ne8 18. d4 Ba6 19. Re1 Bc4 20. Ne4 Bd5 21. c3
Qe6 22. Ng5 Qf5 23. e6 Nf6 24. Nf7+ 1-0

[Event "AUTO-OPEN-3262"]
[Site "http://www.queenalice.com/game.php?id=1285072"]
[Date "2014.5.30"]
[Round "1"]
[White "PedroNRF"]
[Black "TheBigSid"]
[Result "0-1"]
[WhiteElo "1884"]
[BlackElo "2177"]

1. e4 e6 2. d4 d5 3. Nc3 Nf6 4. Bg5 Bb4 5. e5 h6 6. exf6 hxg5 7. fxg7 Rg8 8. Qh5
Qf6 9. O-O-O Qxg7 10. Nb5 Ba5 11. b4 Bb6 12. Re1 Bd7 13. c3 a6 14. Na3 a5 15. b5
a4 16. Re5 c6 17. h3 Bc7 18. Bd3 Bxe5 19. dxe5 Qxe5 20. Ne2 cxb5 21. Nxb5 Bxb5
22. Bxb5+ Nc6 23. Rd1 Ra5 24. Nd4 Qd6 25. Bxc6+ bxc6 26. Nc2 Rc5 27. Qf3 Qf4+
28. Rd2 Qxf3 29. gxf3 Rxc3 30. Rd4 Rxf3 31. Rxa4 Ke7 0-1

[Event "AUTO-OPEN-3262"]
[Site "http://www.queenalice.com/game.php?id=1285073"]
[Date "2014.5.30"]
[Round "1"]
[White "TheBigSid"]
[Black "PedroNRF"]
[Result "1-0"]
[WhiteElo "2196"]
[BlackElo "1866"]

1. d4 Nf6 2. c4 e5 3. dxe5 Ng4 4. Bf4 Nc6 5. Nf3 Bc5 6. e3 O-O 7. h3 Bb4+ 8.
Nbd2 Nxf2 9. Kxf2 Re8 10. Be2 d5 11. a3 h6 12. axb4 Nxb4 13. Qb3 c5 14. cxd5 a6
15. d6 Be6 16. Bc4 b5 17. Bxe6 fxe6 18. Ne4 Rc8 19. Nxc5 Rxc5 20. Qxb4 Rc2+ 21.
Kg1 Qb6 22. Kh2 Qc6 23. Rhf1 g5 24. Bg3 Rf8 25. Qg4 Qd7 26. Nd4 Rxf1 27. Rxf1
Rd2 28. Nxe6 Qb7 29. Rf8+ Kh7 30. Qf5# 1-0

[Event "AUTO-ADV-3054"]
[Site "http://www.queenalice.com/game.php?id=1295367"]
[Date "2014.7.16"]
[Round "2"]
[White "junipero"]
[Black "PedroNRF"]
[Result "0-1"]
[WhiteElo "2076"]
[BlackElo "1894"]

1. d4 d5 2. c4 Nf6 3. e3 e6 4. Nc3 Bb4 5. cxd5 Bxc3+ 6. bxc3 Qxd5 7. c4 Qc6 8.
Nf3 Nbd7 9. g3 Ng4 10. Qe2 b5 11. cxb5 Qc3+ 12. Qd2 Qxa1 13. Bg2 Qb1 14. Qc3
Qxa2 15. Nd2 Rb8 16. Bc6 Bb7 17. O-O Nf6 18. e4 Ng4 19. d5 Bxc6 20. bxc6 Ndf6
21. e5 Nxd5 22. Qf3 Nxe5 23. Qh5 Nd3 24. Nf3 Rb1 25. Bd2 Rxf1+ 26. Kxf1 Nf6 27.
Qg5 O-O 28. Be3 Qc4 29. Kg1 Qxc6 30. Ne5 Nxe5 31. Qxe5 Rd8 32. Bd4 Rd5 33. Qe3
Rb5 34. Qd3 Rd5 35. Qe3 Ng4 36. Qb3 Qa8 37. Be3 Nxe3 38. fxe3 a6 39. Kf1 Rd2 40.
Ke1 Rd6 41. Ke2 Qg2+ 42. Ke1 Qd2+ 43. Kf1 Rb6 44. Qxb6 cxb6 45. e4 b5 0-1

[Event "AUTO-ADV-3054"]
[Site "http://www.queenalice.com/game.php?id=1295368"]
[Date "2014.7.16"]
[Round "2"]
[White "PedroNRF"]
[Black "junipero"]
[Result "0-1"]
[WhiteElo "1923"]
[BlackElo "2057"]

1. e4 c5 2. Nf3 Nc6 3. a3 d6 4. Bb5 e5 5. Bxc6+ bxc6 6. d3 h6 7. h3 Nf6 8. Bd2
Be7 9. Bc3 O-O 10. Nbd2 Re8 11. Nc4 a5 12. a4 Be6 13. Ne3 Qc7 14. g4 Nd7 15. b3
d5 16. Bd2 d4 17. Ng2 Bf8 18. Qe2 f6 19. Nfh4 Bf7 20. Qf3 Nb8 21. Nf5 Na6 22. h4
Nb4 23. Bxb4 cxb4 24. g5 fxg5 25. hxg5 h5 26. Rh4 g6 27. Nh6+ Kg7 28. Rh2 Be6
29. Qf6+ Kh7 30. Nh4 Bxh6 31. Qxg6+ Kh8 32. Qxh5 Qg7 33. Rg2 Bf7 34. Qxh6+ Qxh6
35. gxh6 Rg8 36. O-O-O Rxg2 37. Nxg2 Rg8 38. Nh4 Kh7 39. Nf5 Be6 40. Ne7 Rg2 41.
Nxc6 Kxh6 42. Rf1 Bg4 43. Nxe5 Be2 44. Rh1+ Kg5 45. f3 Kf4 46. Nc6 Bxf3 47. Re1
Rg6 48. Nxd4 Bg4 49. e5 Ra6 50. e6 Ra8 51. e7 Re8 52. Nc6 Bf3 53. Nxa5 Kg5 54.
Re3 Bh1 0-1

[Event "AUTO-ADV-3054"]
[Site "http://www.queenalice.com/game.php?id=1295371"]
[Date "2014.7.16"]
[Round "2"]
[White "PedroNRF"]
[Black "straightbat"]
[Result "0-1"]
[WhiteElo "1931"]
[BlackElo "2226"]

1. e4 e6 2. d4 d5 3. Nc3 Bb4 4. Bd2 dxe4 5. Nxe4 Qxd4 6. f3 Bxd2+ 7. Qxd2 Qxb2
8. Rd1 Nc6 9. a4 Nge7 10. Bb5 O-O 11. Ng5 e5 12. c3 Qxd2+ 13. Rxd2 a6 14. Bxc6
Nxc6 15. Ne2 f6 16. Ne4 Bf5 17. Nf2 Rfd8 18. g4 Rxd2 19. Kxd2 Rd8+ 20. Ke3 Bc2
21. Ra1 Na5 22. Ne4 Nb3 23. Ra2 Bxe4 24. fxe4 Nc5 25. Ra3 Rd3+ 26. Kf2 Nxe4+ 27.
Kg2 Kf7 0-1

[Event "AUTO-ADV-3054"]
[Site "http://www.queenalice.com/game.php?id=1295372"]
[Date "2014.7.16"]
[Round "2"]
[White "straightbat"]
[Black "PedroNRF"]
[Result "1-0"]
[WhiteElo "2223"]
[BlackElo "1936"]

1. c4 e5 2. Nc3 Nf6 3. Nf3 Nc6 4. e3 Bc5 5. a3 O-O 6. b4 Be7 7. b5 Na5 8. Nxe5
b6 9. Be2 Bd6 10. Nf3 Bb7 11. d3 Bxf3 12. Bxf3 c6 13. O-O Qc7 14. g3 Rfe8 15.
Bb2 Re7 16. Ne4 Nxe4 17. Bxe4 Rae8 18. Qg4 Be5 19. Bxe5 Qxe5 20. bxc6 f5 21.
Qxf5 Qxf5 22. Bxf5 Nxc6 23. d4 1-0

[Event "Challenge"]
[Site "http://www.queenalice.com/game.php?id=1299141"]
[Date "2014.8.4"]
[Round "-"]
[White "Joaquim_Manoel"]
[Black "PedroNRF"]
[Result "0-1"]
[WhiteElo "1858"]
[BlackElo "1866"]

1. e4 e5 2. Nf3 Nc6 3. Bc4 h6 4. d4 Nf6 5. d5 Ne7 6. Nxe5 d6 7. Bb5+ Bd7 8.
Bxd7+ Nxd7 9. Nd3 Nf6 10. Nc3 Ng6 11. Qe2 Qd7 12. Bd2 Ng4 13. O-O-O Be7 14. f3
N4e5 15. Kb1 Nxd3 16. cxd3 Bg5 17. g3 Bxd2 18. Qxd2 O-O 19. f4 c5 20. h3 b5 21.
g4 Rfe8 22. Rdg1 b4 23. Ne2 a5 24. g5 Nh4 25. gxh6 g6 26. Qe3 f5 27. Qg3 Qe7 28.
exf5 Qxe2 29. Qxh4 Qxd3+ 30. Ka1 Qxf5 31. Rg5 Qe4 32. Rhg1 Kh7 33. f5 Qxh4 34.
Rxg6 Qe1+ 0-1

[Event "Challenge"]
[Site "http://www.queenalice.com/game.php?id=1299142"]
[Date "2014.8.4"]
[Round "-"]
[White "PedroNRF"]
[Black "Joaquim_Manoel"]
[Result "1-0"]
[WhiteElo "1873"]
[BlackElo "1889"]

1. e4 d5 2. Nc3 dxe4 3. Nxe4 e5 4. h3 Nf6 5. Qf3 Nc6 6. Bb5 Bd7 7. Bxc6 Bxc6 8.
Nxf6+ gxf6 9. Qg3 Qd5 10. f3 O-O-O 11. Ne2 Bd6 12. Qh4 e4 13. Qg4+ Kb8 14. Nc3
Qc4 15. d3 Qa6 16. fxe4 Rdg8 17. Qf3 Bg3+ 18. Kd2 f5 19. Qxf5 Qb6 20. a4 a6 21.
Rf1 Bh4 22. g4 f6 23. Ke2 h6 24. a5 Qd4 25. Be3 Qd8 26. Nd5 Bxd5 27. Qxd5 Qxd5
28. exd5 Re8 29. Ra4 Re5 30. Rf5 Rhe8 31. Rxe5 Rxe5 32. Re4 Kc8 33. Rxe5 fxe5
34. Bxh6 Kd7 35. Kf3 Be1 36. g5 Ke7 37. Bg7 Kf7 38. Bxe5 Bxa5 39. h4 Kg6 40. Kg4
1-0

[Event "AUTO-OPEN-3151"]
[Site "http://www.queenalice.com/game.php?id=1302074"]
[Date "2014.8.17"]
[Round "3"]
[White "Gambitshark"]
[Black "PedroNRF"]
[Result "1-0"]
[WhiteElo "2840"]
[BlackElo "1927"]

1. e4 e6 2. d4 d5 3. e5 c5 4. c3 Nc6 5. Nf3 Bd7 6. a3 f6 7. Bd3 Qb6 8. O-O cxd4
9. cxd4 Nxd4 10. Nxd4 Qxd4 11. Bg6+ hxg6 12. Qxd4 Ne7 13. exf6 Nf5 14. Qg4 Kf7
15. fxg7 Bxg7 16. g3 d4 17. Bg5 Bc6 18. h4 Bd5 19. Nd2 Rac8 20. Rac1 b6 21. Qe2
Nd6 22. Qa6 Ra8 23. Rc7+ Kg8 24. Rfc1 Rh7 25. Rxa7 Rxa7 26. Qxa7 Bf8 27. Qxb6
Rf7 28. Qxd4 1-0

[Event "AUTO-OPEN-3151"]
[Site "http://www.queenalice.com/game.php?id=1302075"]
[Date "2014.8.17"]
[Round "3"]
[White "PedroNRF"]
[Black "Gambitshark"]
[Result "0-1"]
[WhiteElo "1925"]
[BlackElo "2841"]

1. d4 Nf6 2. c4 e6 3. Nc3 Bb4 4. f3 d5 5. a3 Bxc3+ 6. bxc3 c5 7. cxd5 exd5 8. e3
O-O 9. Bd3 b6 10. Ne2 Ba6 11. Bxa6 Nxa6 12. O-O Re8 13. Qa4 Nc7 14. dxc5 bxc5
15. Rb1 Ne6 16. Rd1 c4 17. Nd4 Nc5 18. Qc2 Nd3 19. a4 a6 20. Rb7 Nd7 21. a5 Qc8
22. Rb1 N7c5 23. Rb6 Qc7 24. Nf5 Re6 25. Ba3 Rae8 0-1

[Event "AUTO-OPEN-3151"]
[Site "http://www.queenalice.com/game.php?id=1302076"]
[Date "2014.8.17"]
[Round "3"]
[White "jnable"]
[Black "PedroNRF"]
[Result "1-0"]
[WhiteElo "1919"]
[BlackElo "1910"]

1. e4 e5 2. Nf3 Qf6 3. Nc3 c6 4. Bc4 Bb4 5. O-O b5 6. Bb3 Ba6 7. d4 Bxc3 8. bxc3
exd4 9. cxd4 d6 10. Bb2 Nh6 11. e5 Qd8 12. Re1 O-O 13. Bc1 Nf5 14. Bg5 Ne7 15.
exd6 Re8 16. dxe7 Qd6 17. Ne5 1-0

[Event "AUTO-OPEN-3151"]
[Site "http://www.queenalice.com/game.php?id=1302077"]
[Date "2014.8.17"]
[Round "3"]
[White "PedroNRF"]
[Black "jnable"]
[Result "1-0"]
[WhiteElo "1917"]
[BlackElo "1984"]

1. d4 d5 2. c4 e6 3. Nc3 Be7 4. Nf3 Nf6 5. Bf4 c6 6. e3 O-O 7. Bd3 Nbd7 8. c5 b6
9. b4 Bb7 10. O-O Nh5 11. Be5 Nxe5 12. Nxe5 Nf6 13. Rb1 Qc7 14. h3 g6 15. Qf3 a5
16. g4 b5 17. Qf4 Nd7 18. Nxg6 fxg6 19. Qxc7 1-0